[Event "Bundesliga 1819"]
[Site "Germany"]
[Date "2018.11.25"]
[Round "4.8"]
[White "Meins, Gerlef"]
[Black "Smeets, Jan"]
[Result "1/2-1/2"]
[WhiteElo "2412"]
[BlackElo "2602"]
[PlyCount "62"]
[EventDate "2018.11.10"]
[EventType "team-tourn"]
[EventRounds "15"]
[EventCountry "GER"]
[SourceTitle "CBM 187 Extra"]
[Source "ChessBase"]
[SourceDate "2018.11.04"]
[SourceVersion "1"]
[SourceVersionDate "2018.11.04"]
[SourceQuality "1"]
[WhiteTeam "Werder Bremen"]
[BlackTeam "Solingen"]
[WhiteTeamCountry "GER"]
[BlackTeamCountry "GER"]

1. d4 d5 2. c4 e6 3. Nf3 Nf6 4. Nc3 c6 5. e3 Nbd7 6. Qc2 Bd6 7. Bd3 dxc4 8. Bxc4 b5 9. Be2 Bb7 10. 0-0 0-0 11. Ng5 Qb8 12. h3 Rc8 13. a3 a5 14. Bd2 b4 15. axb4 axb4 16. Rxa8 Qxa8 17. Nce4 Be7 18. Nc5 Nxc5 19. dxc5 Qa5 20. Rc1 h6 21. Ne4 Nxe4 22. Qxe4 Bxc5 23. Bd3 g6 24. Qe5 Bb6 25. Qxa5 Bxa5 26. Be4 Rd8 27. Be1 Ba6 28. Bxc6 Rc8 29. Bd2 Rd8 30. Be1 Rc8 31. Bd2 Rd8 1/2-1/2